000
00279nam a2200097Ia 4500
008
220204s9999 xx 000 0 und d
082
_a
339.19(676.1)
_b
ECO;1
245
0
_a
Economic and commercial reports: Uganda
260
_a
New Delhi
_b
Ministry of Foreign Trade
_c
1967
942
_c
BK
999
_c
22289
_d
22289